An introduction to multivariate statistical analysis (Record no. 771)
[ view plain ]
| 000 -LEADER | |
|---|---|
| fixed length control field | 00489 a2200181 4500 |
| 001 - CONTROL NUMBER | |
| control field | 066765 |
| 003 - CONTROL NUMBER IDENTIFIER | |
| control field | OSt |
| 005 - DATE AND TIME OF LATEST TRANSACTION | |
| control field | 20211007120334.0 |
| 008 - FIXED-LENGTH DATA ELEMENTS--GENERAL INFORMATION | |
| fixed length control field | |
| 082 ## - DEWEY DECIMAL CLASSIFICATION NUMBER | |
| Classification number | 519.535 |
| Item number | A23I |
| 100 1# - MAIN ENTRY--PERSONAL NAME | |
| Personal name | Anderson, T.W. |
| 245 1# - TITLE STATEMENT | |
| Title | An introduction to multivariate statistical analysis |
| Statement of responsibility, etc | by T.W. Anderson |
| 250 ## - EDITION STATEMENT | |
| Edition statement | 3rd ed. |
| 260 ## - PUBLICATION, DISTRIBUTION, ETC. (IMPRINT) | |
| Place of publication, distribution, etc | India |
| Name of publisher, distributor, etc | John Wiley |
| Date of publication, distribution, etc | 2010 |
| 300 ## - PHYSICAL DESCRIPTION | |
| Extent | 721p. |
| 690 ## - LOCAL SUBJECT ADDED ENTRY--TOPICAL TERM (OCLC, RLIN) | |
| Topical term or geographic name as entry element | Multivariate analysis; Mathematical statistics |
| 942 ## - ADDED ENTRY ELEMENTS (KOHA) | |
| Source of classification or shelving scheme | Dewey Decimal Classification |
| Koha item type | Books |
| Withdrawn status | Lost status | Source of classification or shelving scheme | Damaged status | Not for loan | Collection code | Home library | Current library | Date acquired | Source of acquisition | Cost, normal purchase price | Total Checkouts | Full call number | Barcode | Date last seen | Date checked out | Price effective from | Koha item type |
|---|---|---|---|---|---|---|---|---|---|---|---|---|---|---|---|---|---|
| Dewey Decimal Classification | General Text Book | Central University Of Rajasthan | Central University Of Rajasthan | 07/03/2012 | STT | 429.00 | 8 | 519.535 A23I | 1051 | 21/11/2024 | 22/12/2023 | 02/09/2020 | Books |
